| 000 | 00805nam a2200253Ia 4500 | ||
|---|---|---|---|
| 003 | OSt | ||
| 005 | 20220927105751.0 | ||
| 006 | a|||||r|||| 00| 0 | ||
| 007 | ta | ||
| 008 | 220926b |||||||| |||| 00| 0 eng d | ||
| 024 | _a208527 | ||
| 037 | _cReference Collections | ||
| 040 |
_aRTL _cRTL _beng |
||
| 041 |
_2eng _aeng |
||
| 082 | _a"U435.2, Q7/UN" | ||
| 100 |
_aHOUSING AND LAND RIGHTS NETWORK _9374882 |
||
| 110 |
_aHOUSING AND LAND RIGHTS NETWORK _9374883 |
||
| 245 | 0 |
_aIndia''s Smart Cities Mission _b Smart for whom? cities for whom? |
|
| 260 |
_aNew _b"Delhi, HLRN " _c2017 |
||
| 300 |
_a"v,72p" _ccm. |
||
| 700 |
_aHOUSING AND LAND RIGHTS NETWORK _9374882 |
||
| 942 |
_h"U435.2, Q7/UN" _cCC |
||
| 999 |
_c694523 _d694523 |
||